000 00743nam a2200253 a 4500
001 56215
003 BD-RJUL
005 20211209080352.0
008 161127s1962 enkab b 001 0 eng
035 _a(BD-RJUL)56339
040 _aDLC
_cKSU
_dBD-RJUL
_beng
041 _aeng
082 _223
_a934
_bSAI 1962
090 _aDS418
_b.S3 1962a
100 1 _aSankalia, Hasmukhlal Dhirajlal.
_9167292
245 1 0 _aIndian archaeology today /
_cH.D. Sankalia.
260 _aLondon :
_bAsia Pub. House,
_cc1962.
300 _a144 p. :
_bill. ;
_c23 cm.
490 1 _aHeras memorial lectures ;
_v1960
500 _aIncludes index.
651 0 _aIndia
_xAntiquities.
_9157963
830 0 _aHeras memorial lectures ;
_v1960
_9167293
942 _2ddc
_cBK
999 _c56215
_d56215